Statistics for Culpa Mia/My Fault

Click here to take the quiz!

General Stats

  • This quiz has been taken 1,107 times
    (1,106 since last reset)
  • The average score is 10 of 17

Answer Stats

HintAnswer% Correct
Main characterNoah
98%
Love interest of main characterNick
83%
Ex boyfriend of main characterDan
69%
who wrote the bookmercedes ron
68%
how old is the main character17
66%
girl that main character becomes friends withJenna
66%
girl who locks main character in cupboard at partyAnna
64%
how old is the main characters love interest22
63%
evil person who kidnaps main characterRonnie
61%
mum of ^Rafaella
60%
husband of^Will
57%
boyfriend of ^Lion
51%
who plays the main characternicole wallace
49%
who plays main characters love interestgabriel guevara
43%
what did main characters father try to do to herkill her
41%
Father of Main characterJonas
39%
how are the main character and her love interest relatedstep siblings
37%

Score Distribution

Percentile by Number Answered

Percent of People with Each Score

Your Score History

You have not taken this quiz since the last reset